|
|
|
|
| LEADER |
00651cam a2200217 7i4500 |
| 001 |
0000036607 |
| 005 |
20220621090000.0 |
| 007 |
##ta |
| 008 |
220210 |
| 020 |
# |
# |
|a 9798693632226
|
| 040 |
# |
# |
|a MATR
|
| 090 |
0 |
0 |
|a B 382.6
|b EXP
|
| 245 |
0 |
0 |
|a Exports & Imports made simpler :
|b (An instant guide to Exporters).
|
| 264 |
# |
0 |
|a [s.l]:
|b [s.n],
|c 2020.
|
| 300 |
# |
# |
|a 201 pages:
|b illustrations;
|c cm.
|
| 336 |
# |
# |
|a text
|2 rdacontent
|
| 337 |
# |
# |
|a unmediated
|2 rdamedia
|
| 338 |
# |
# |
|a volume
|2 rdacarrier
|
| 650 |
0 |
0 |
|a Exports --
|x Handbook, manuals, etc.
|
| 650 |
# |
0 |
|a Imports --
|x Handbook, manuals, etc.
|
| 999 |
|
|
|a B000041288
|b Book
|c Book
|e Business Information Centre
|